[Event "Barcelona Sant Marti op 11th"]
[Site "Barcelona"]
[Date "2024.03.07"]
[Round "9"]
[White "Colome Rovira, Oscar"]
[Black "Muntane Aznar, Juan Manuel"]
[Result "1-0"]
[WhiteElo "1750"]
[BlackElo "1679"]
[PlyCount "146"]
[EventDate "2024.01.11"]
[EventType "swiss"]
[EventRounds "9"]
[EventCountry "ESP"]
[SourceTitle "CB11_2024"]
[SourceDate "2024.03.13"]
[SourceVersion "1"]
[SourceVersionDate "2024.03.13"]
[SourceQuality "1"]

1. d4 d5 2. c4 e6 3. Nf3 Nf6 4. Nc3 Be7 5. e3 a6 6. b3 0-0 7. Bb2 Nbd7 8. Bd3 c5 9. 0-0 b6 10. cxd5 exd5 11. dxc5 Nxc5 12. Be2 Bb7 13. Nd4 Re8 14. Bf3 Rc8 15. Rc1 Nce4 16. Qd3 Nxc3 17. Bxc3 Ne4 18. Ba1 Qd7 19. Ne2 Rxc1 20. Rxc1 Qd6 21. g3 Rc8 22. Rxc8+ Bxc8 23. Nc3 Bb7 24. Nxe4 dxe4 25. Bxe4 Qxd3 26. Bxd3 b5 27. Kf1 Kf8 28. Ke2 g6 29. Bd4 Ke8 30. e4 Kd7 31. f4 f6 32. Ke3 Ke6 33. g4 Bd6 34. h4 Bc8 35. a4 bxa4 36. bxa4 h6 37. Bc4+ Ke7 38. e5 fxe5 39. fxe5 Bb4 40. Kf4 Bd2+ 41. Be3 Bb4 42. Ke4 Bxg4 43. Bxa6 Be1 44. Bxh6 Bxh4 45. Kf4 Bd1 46. Bb5 Ke6 47. a5 Be1 48. Bc4+ Ke7 49. a6 Bf2 50. Bg5+ Ke8 51. e6 Ba4 52. Bd3 Kf8 53. Bxg6 Kg7 54. Be4 Bb5 55. Bb7 Kg6 56. Kf3 Ba7 57. Be3 Bxa6 58. Bxa6 Bb8 59. Ke4 Kf6 60. Kd5 Bg3 61. Bc5 Bh4 62. Bb5 Kf5 63. e7 Bxe7 64. Bxe7 Kf4 65. Bd3 Kg4 66. Ke4 Kh5 67. Kf5 Kh6 68. Be2 Kg7 69. Bf6+ Kh7 70. Kg5 Kg8 71. Kg6 Kf8 72. Bb5 Kg8 73. Be7 Kh8 1-0

[Event "Barcelona Sant Marti op 11th"]
[Site "Barcelona"]
[Date "2024.02.29"]
[Round "8"]
[White "Munoz Igual, Xavier"]
[Black "Colome Rovira, Oscar"]
[Result "1-0"]
[WhiteElo "2035"]
[BlackElo "1750"]
[PlyCount "225"]
[EventDate "2024.01.11"]
[EventType "swiss"]
[EventRounds "9"]
[EventCountry "ESP"]
[SourceTitle "CB11_2024"]
[SourceDate "2024.03.13"]
[SourceVersion "1"]
[SourceVersionDate "2024.03.13"]
[SourceQuality "1"]

1. d4 d5 2. c4 c6 3. cxd5 cxd5 4. Nf3 Nf6 5. Nc3 e6 6. Bf4 Bd6 7. Bxd6 Qxd6 8. e3 a6 9. Bd3 Nbd7 10. 0-0 0-0 11. Rc1 e5 12. dxe5 Nxe5 13. Be2 Bd7 14. Qd4 Nc6 15. Qb6 Rfe8 16. Rfd1 Qe6 17. Na4 Ne4 18. Nc5 Nxc5 19. Qxc5 Ne7 20. Nd4 Qf6 21. Qc7 Bc6 22. Bg4 Rab8 23. b3 Red8 24. a4 g6 25. Qb6 Qg5 26. Be2 Qf6 27. b4 Kg7 28. b5 axb5 29. axb5 Be8 30. Qxf6+ Kxf6 31. Rc7 Ke5 32. Rxe7+ Kd6 33. Rxe8 Rxe8 34. Bf3 f5 35. Ne2 Re5 36. Rc1 Ra8 37. Nf4 Ra5 38. Rb1 d4 39. Rd1 Rexb5 40. Rxd4+ Ke7 41. g4 fxg4 42. Be2 Rb1+ 43. Kg2 Raa1 44. Nd5+ Kf7 45. Bxg4 Rb2 46. Nf4 b5 47. Rd7+ Kf6 48. Rd6+ Kg5 49. Kf3 Raa2 50. Nd3 Rd2 51. Be6 Ra3 52. Rd5+ Kf6 53. Nf4 Rxd5 54. Bxd5 g5 55. Ne2 Ke5 56. Bg8 h6 57. Nd4 Ra8 58. Bh7 b4 59. Nc6+ Ke6 60. Nxb4 Rb8 61. Nc2 Ke5 62. Nd4 Rf8+ 63. Kg3 h5 64. Bd3 h4+ 65. Kg4 Rxf2 66. Kxg5 Kd5 67. h3 Rd2 68. Be2 Ke4 69. Bg4 Kxe3 70. Nf5+ Ke4 71. Nxh4 Rd5+ 72. Nf5 Ke5 73. h4 Rd7 74. h5 Rh7 75. h6 Rxh6 76. Kxh6 Kf4 77. Kh5 Ke4 78. Kg5 Ke5 79. Bf3 Ke6 80. Kf4 Kf6 81. Nd4 Kg6 82. Be4+ Kf6 83. Bd3 Kg7 84. Kf5 Kf7 85. Nc6 Kg7 86. Ne5 Kh8 87. Kg6 Kg8 88. Nf7 Kf8 89. Kf6 Ke8 90. Ne5 Kf8 91. Bh7 Ke8 92. Bg8 Kf8 93. Bd5 Ke8 94. Be6 Kf8 95. Ng6+ Ke8 96. Ke5 Kd8 97. Kd6 Ke8 98. Bg8 Kd8 99. Bf7 Kc8 100. Kc6 Kd8 101. Kd6 Kc8 102. Ne5 Kb7 103. Nc4 Ka6 104. Kc6 Ka7 105. Nd6 Ka6 106. Nb7 Ka7 107. Bc4 Kb8 108. Kb6 Kc8 109. Be6+ Kb8 110. Nc5 Ka8 111. Bf5 Kb8 112. Na6+ Ka8 113. Be4# 1-0

[Event "Barcelona Sant Marti op 11th"]
[Site "Barcelona"]
[Date "2024.02.01"]
[Round "4"]
[White "Colome Rovira, Oscar"]
[Black "Plantada Siurans, Estanislau"]
[Result "1-0"]
[WhiteElo "1750"]
[BlackElo "1573"]
[PlyCount "49"]
[EventDate "2024.01.11"]
[EventType "swiss"]
[EventRounds "9"]
[EventCountry "ESP"]
[SourceTitle "CB11_2024"]
[SourceDate "2024.03.13"]
[SourceVersion "1"]
[SourceVersionDate "2024.03.13"]
[SourceQuality "1"]

1. d4 d6 2. e4 e5 3. dxe5 dxe5 4. Qxd8+ Kxd8 5. Bc4 f6 6. Be3 c6 7. Nc3 Bb4 8. 0-0-0+ Kc7 9. Nge2 Ne7 10. a3 Ba5 11. Bc5 Bxc3 12. Bd6+ Kb6 13. Bxe7 Bd4 14. Nxd4 exd4 15. Rxd4 Re8 16. Bd8+ Kc5 17. Rhd1 Rxd8 18. b4+ Kb6 19. Rxd8 Kc7 20. Rg8 b5 21. Rxg7+ Kb6 22. Be2 a5 23. Rd8 axb4 24. Rxc8 bxa3 25. Kb1 1-0

[Event "Barcelona Sant Marti op-B 23rd"]
[Site "Barcelona"]
[Date "2023.07.15"]
[Round "3"]
[White "Colome Rovira, Oscar"]
[Black "Garcia Comas, Pau"]
[Result "0-1"]
[WhiteElo "1758"]
[BlackElo "1578"]
[PlyCount "36"]
[EventDate "2023.07.13"]
[EventType "swiss"]
[EventRounds "9"]
[EventCountry "ESP"]
[SourceTitle "CBM 215 Extra"]
[Source "ChessBase"]
[SourceDate "2023.09.30"]
[SourceVersion "1"]
[SourceVersionDate "2023.09.30"]
[SourceQuality "1"]

1. d4 Nf6 2. c4 c5 3. d5 e6 4. dxe6 fxe6 5. Nf3 d5 6. e3 Nc6 7. cxd5 exd5 8. h3 Be7 9. Bb5 0-0 10. Bxc6 bxc6 11. 0-0 Bf5 12. Nc3 Bd6 13. b3 Qd7 14. g4 Nxg4 15. Nxd5 cxd5 16. hxg4 Bxg4 17. Qxd5+ Kh8 18. Ne5 Bxe5 0-1

[Event "Llinars del Valles 3rd"]
[Site "Llinars del Valles"]
[Date "2023.06.25"]
[Round "1"]
[White "Delgado Romero, Marco"]
[Black "Colome Rovira, Oscar"]
[Result "1-0"]
[WhiteElo "2290"]
[BlackElo "1752"]
[PlyCount "73"]
[EventDate "2023.06.25"]
[EventType "swiss"]
[EventRounds "9"]
[EventCountry "ESP"]
[SourceTitle "CBM 215 Extra"]
[Source "ChessBase"]
[SourceDate "2023.09.30"]
[SourceVersion "1"]
[SourceVersionDate "2023.09.30"]
[SourceQuality "1"]

1. e4 c5 2. Nf3 d6 3. c3 Nf6 4. Be2 Nc6 5. d4 cxd4 6. cxd4 e6 7. Nc3 Be7 8. 0-0 0-0 9. h3 a6 10. Qc2 Bd7 11. Rd1 Qc7 12. d5 exd5 13. Nxd5 Qd8 14. Be3 Re8 15. Bb6 Qc8 16. Nc7 Ne5 17. Nxe5 dxe5 18. Rac1 Bc6 19. f3 Nh5 20. Nxa8 Qxa8 21. Be3 h6 22. Bc4 Rd8 23. Qb3 Be8 24. Bd5 Ng3 25. Rc7 Bd6 26. Rxb7 Qc8 27. Bxf7+ Kh8 28. Bxe8 Bc5 29. Rxd8 Bxe3+ 30. Qxe3 Qxd8 31. Bd7 Kh7 32. Qb6 Qg5 33. Bf5+ Nxf5 34. exf5 Qc1+ 35. Kh2 Qf4+ 36. Kh1 Qxf5 37. Qe3 1-0

[Event "Barcelona Sant Marti op-B 22nd"]
[Site "Barcelona"]
[Date "2022.07.16"]
[Round "4"]
[White "Torres Julian, Marc"]
[Black "Colome Rovira, Oscar"]
[Result "1-0"]
[WhiteElo "1697"]
[BlackElo "1764"]
[PlyCount "71"]
[EventDate "2022.07.13"]
[EventType "swiss"]
[EventRounds "9"]
[EventCountry "ESP"]
[SourceTitle "CBM 210 Extra"]
[Source "ChessBase"]
[SourceDate "2022.11.30"]
[SourceVersion "1"]
[SourceVersionDate "2022.11.30"]
[SourceQuality "1"]

1. e4 d5 2. exd5 Qxd5 3. Nc3 Qd6 4. d4 Nf6 5. Bd3 c6 6. Nge2 Bg4 7. f3 Bh5 8. Bf4 Qd8 9. Qd2 e6 10. Ne4 Nxe4 11. fxe4 Bxe2 12. Qxe2 Qxd4 13. 0-0-0 Qa4 14. Bc4 Be7 15. Bxe6 0-0 16. Bb3 Qb4 17. Be5 Na6 18. Qg4 g6 19. h4 Nc5 20. h5 Nxb3+ 21. axb3 f5 22. Qf4 g5 23. Qe3 Qxe4 24. Qc3 Bb4 25. Qg3 h6 26. Rd4 f4 27. Rxe4 fxg3 28. Rxb4 Rf2 29. Bxg3 Rxg2 30. Be5 Re8 31. Bc3 Ree2 32. Rxb7 Rxc2+ 33. Kb1 Rh2 34. Rd1 Rcf2 35. Rd8+ Rf8 36. Rg7+ 1-0

[Event "Barcelona Sant Marti op-A 19th"]
[Site "Barcelona"]
[Date "2017.07.19"]
[Round "7"]
[White "Lorenzo Martinez, Ruben"]
[Black "Colome Rovira, Oscar"]
[Result "1-0"]
[WhiteElo "1490"]
[BlackElo "1865"]
[PlyCount "119"]
[EventDate "2017.07.13"]
[EventType "swiss"]
[EventRounds "9"]
[EventCountry "ESP"]
[SourceTitle "EXT 2018"]
[Source "ChessBase"]
[SourceDate "2017.10.13"]
[SourceVersion "1"]
[SourceVersionDate "2017.10.13"]
[SourceQuality "1"]

1. d4 Nf6 2. Nf3 d5 3. e3 Bg4 4. Be2 e6 5. Nbd2 Bd6 6. b3 0-0 7. Bb2 c5 8. 0-0 Nc6 9. Ne5 Bxe2 10. Qxe2 a5 11. f4 Qb6 12. Ndf3 a4 13. g4 a3 14. Bc3 Ne4 15. Be1 Bxe5 16. dxe5 Ne7 17. Bh4 Ng6 18. f5 exf5 19. gxf5 Nxh4 20. Nxh4 Qh6 21. Rf4 Rae8 22. Nf3 Qh5 23. c4 Rxe5 24. cxd5 Ng5 25. Kh1 Rxd5 26. Rf1 Rfd8 27. Rh4 Rd2 28. Qxd2 Qxf3+ 29. Rxf3 Rxd2 30. Rg3 f6 31. Ra4 Rxa2 32. h4 Ra1+ 33. Rg1 Rxg1+ 34. Kxg1 Nf3+ 35. Kf2 Ne5 36. Rxa3 b5 37. Ra5 Kf7 38. Rxb5 Ke7 39. Rb7+ Nd7 40. b4 cxb4 41. Rxb4 Kd6 42. Kf3 g6 43. Kf4 Ne5 44. Rb6+ Ke7 45. Re6+ Kf7 46. Rxe5 fxe5+ 47. Kxe5 Ke7 48. e4 Kf7 49. fxg6+ Kxg6 50. h5+ Kxh5 51. Kf6 Kg4 52. e5 h5 53. e6 h4 54. e7 h3 55. e8Q h2 56. Qa8 Kg3 57. Qh1 Kh3 58. Kf5 Kg3 59. Kg5 Kh3 60. Qf3# 1-0

[Event "Barcelona Sant Marti op-A 19th"]
[Site "Barcelona"]
[Date "2017.07.16"]
[Round "4"]
[White "Repiso Alvarez, Jorge"]
[Black "Colome Rovira, Oscar"]
[Result "1/2-1/2"]
[WhiteElo "1954"]
[BlackElo "1865"]
[PlyCount "109"]
[EventDate "2017.07.13"]
[EventType "swiss"]
[EventRounds "9"]
[EventCountry "ESP"]
[SourceTitle "EXT 2018"]
[Source "ChessBase"]
[SourceDate "2017.10.13"]
[SourceVersion "1"]
[SourceVersionDate "2017.10.13"]
[SourceQuality "1"]

1. d4 Nf6 2. c4 e5 3. e3 exd4 4. exd4 Bb4+ 5. Bd2 Bxd2+ 6. Nxd2 d5 7. Ngf3 0-0 8. Be2 dxc4 9. 0-0 b5 10. a4 c6 11. Nb1 Bg4 12. b3 cxb3 13. axb5 cxb5 14. Qxb3 Nc6 15. Nbd2 Nxd4 16. Nxd4 Qxd4 17. Nf3 Qb6 18. Qxb5 Qxb5 19. Bxb5 Bxf3 20. gxf3 a5 21. Ra3 Rfb8 22. Ba4 Rb4 23. Rfa1 Rab8 24. Bc6 Rc4 25. Ba4 Rc5 26. Bd1 Rbb5 27. f4 g6 28. R3a2 Nd5 29. Be2 Rb4 30. Rxa5 Rxa5 31. Rxa5 Nxf4 32. Bf1 Kg7 33. Ra2 Rb3 34. Ra1 h5 35. Bc4 Rc3 36. Bf1 h4 37. Re1 g5 38. Be2 Rc1 39. Kf1 Nxe2 40. Kxe2 Rxe1+ 41. Kxe1 g4 42. f3 f5 43. fxg4 fxg4 44. Kf2 Kf6 45. Ke2 Kf5 46. Kf2 Kf4 47. Kg2 Ke3 48. Kg1 Kf3 49. Kf1 Ke3 50. Kg1 Ke2 51. Kg2 Ke1 52. Kg1 Ke2 53. Kg2 Kd3 54. Kf1 Ke3 55. Kg1 1/2-1/2

[Event "Barcelona Sant Marti op-A 19th"]
[Site "Barcelona"]
[Date "2017.07.15"]
[Round "3"]
[White "Colome Rovira, Oscar"]
[Black "Marzo Pie, Xavier"]
[Result "0-1"]
[WhiteElo "1865"]
[BlackElo "1996"]
[PlyCount "44"]
[EventDate "2017.07.13"]
[EventType "swiss"]
[EventRounds "9"]
[EventCountry "ESP"]
[SourceTitle "EXT 2018"]
[Source "ChessBase"]
[SourceDate "2017.10.13"]
[SourceVersion "1"]
[SourceVersionDate "2017.10.13"]
[SourceQuality "1"]

1. e4 d6 2. d4 g6 3. Nf3 Bg7 4. Bc4 Nf6 5. Bb3 Nxe4 6. Nbd2 Nxd2 7. Bxd2 0-0 8. h4 Bg4 9. c3 e5 10. Qc1 exd4 11. Bh6 Re8+ 12. Kf1 Nc6 13. h5 gxh5 14. Bg5 Qd7 15. Qf4 dxc3 16. bxc3 Qf5 17. Qg3 Bxc3 18. Rc1 Bb2 19. Rxh5 Bxc1 20. Nh4 Qb1 21. Qxg4 Bd2+ 22. Bd1 Re1# 0-1

[Event "Barcelona Sant Marti op-A 19th"]
[Site "Barcelona"]
[Date "2017.07.14"]
[Round "2"]
[White "Chernikov, Vladimir"]
[Black "Colome Rovira, Oscar"]
[Result "1-0"]
[WhiteElo "2079"]
[BlackElo "1865"]
[PlyCount "47"]
[EventDate "2017.07.13"]
[EventType "swiss"]
[EventRounds "9"]
[EventCountry "ESP"]
[SourceTitle "EXT 2018"]
[Source "ChessBase"]
[SourceDate "2017.10.13"]
[SourceVersion "1"]
[SourceVersionDate "2017.10.13"]
[SourceQuality "1"]

1. d4 Nf6 2. Nc3 d5 3. Bf4 c6 4. f3 e6 5. e4 dxe4 6. fxe4 Bb4 7. Qd3 0-0 8. a3 Be7 9. Be2 b6 10. Qg3 Ba6 11. Bxb8 Bxe2 12. Bc7 Qd7 13. Ngxe2 Nh5 14. Qh3 g6 15. g4 e5 16. Bxe5 f6 17. Bf4 Nxf4 18. Nxf4 Qxd4 19. Ne6 Qe5 20. Nxf8 Rxf8 21. 0-0-0 b5 22. Qd3 b4 23. axb4 Bxb4 24. Qc4+ 1-0

[Event "Mataro Maresme op-A 13th"]
[Site "Mataro"]
[Date "2016.12.02"]
[Round "9"]
[White "Colome Rovira, Oscar"]
[Black "Roa Ribera, Alvaro"]
[Result "0-1"]
[WhiteElo "1909"]
[BlackElo "1742"]
[PlyCount "36"]
[EventDate "2016.10.08"]
[EventType "swiss"]
[EventRounds "9"]
[EventCountry "ESP"]
[SourceTitle "EXT 2018"]
[Source "ChessBase"]
[SourceDate "2017.10.13"]
[SourceVersion "1"]
[SourceVersionDate "2017.10.13"]
[SourceQuality "1"]

1. d4 Nc6 2. d5 Ne5 3. e4 e6 4. f4 Ng6 5. Nf3 Bc5 6. Bc4 Nf6 7. Nc3 Bb4 8. Qd3 0-0 9. e5 exd5 10. exf6 Re8+ 11. Kf2 Bc5+ 12. Kg3 dxc4 13. Qxc4 d6 14. fxg7 Qf6 15. Bd2 Qxg7 16. Rae1 Nxf4+ 17. Ng5 Qxg5+ 18. Kf3 Qg4# 0-1

[Event "Mataro Maresme op-A 13th"]
[Site "Mataro"]
[Date "2016.11.26"]
[Round "8"]
[White "Gonzalez Moreno, Antoni"]
[Black "Colome Rovira, Oscar"]
[Result "1-0"]
[WhiteElo "1805"]
[BlackElo "1909"]
[PlyCount "71"]
[EventDate "2016.10.08"]
[EventType "swiss"]
[EventRounds "9"]
[EventCountry "ESP"]
[SourceTitle "EXT 2018"]
[Source "ChessBase"]
[SourceDate "2017.10.13"]
[SourceVersion "1"]
[SourceVersionDate "2017.10.13"]
[SourceQuality "1"]

1. c4 e5 2. Nc3 Nf6 3. g3 c6 4. Bg2 d5 5. cxd5 cxd5 6. d3 Bc5 7. e3 Nc6 8. Nge2 Bg4 9. Qb3 Nb4 10. Na4 Qa5 11. Bd2 Nxd3+ 12. Qxd3 Qxa4 13. Nc3 Qd7 14. Nxd5 Nxd5 15. Qxd5 Qxd5 16. Bxd5 0-0 17. Bc3 Rfd8 18. Bxb7 Rab8 19. Bg2 Bb4 20. f3 Bxc3+ 21. bxc3 Rb2 22. 0-0 Rdd2 23. Bh1 Bh3 24. Rfd1 Rxa2 25. Rxd2 Rxa1+ 26. Kf2 Rf1+ 27. Ke2 Kf8 28. Rd1 a5 29. Rxf1 Bxf1+ 30. Kxf1 a4 31. f4 Ke7 32. Bd5 Kd6 33. Bxf7 e4 34. Ke2 Kc5 35. Kd2 Kb5 36. Kc2 1-0

[Event "Mataro Maresme op-A 13th"]
[Site "Mataro"]
[Date "2016.10.29"]
[Round "4"]
[White "Shukorov, Artem"]
[Black "Colome Rovira, Oscar"]
[Result "1/2-1/2"]
[WhiteElo "1761"]
[BlackElo "1909"]
[PlyCount "82"]
[EventDate "2016.10.08"]
[EventType "swiss"]
[EventRounds "9"]
[EventCountry "ESP"]
[SourceTitle "EXT 2018"]
[Source "ChessBase"]
[SourceDate "2017.10.13"]
[SourceVersion "1"]
[SourceVersionDate "2017.10.13"]
[SourceQuality "1"]

1. e4 d5 2. exd5 Qxd5 3. Nc3 Qd8 4. d4 Nf6 5. Nf3 Bg4 6. Be3 Bxf3 7. Qxf3 c6 8. Bc4 e6 9. 0-0 Bd6 10. Ne4 Nxe4 11. Qxe4 Nd7 12. Qg4 Nf6 13. Qf3 Qc7 14. h3 h6 15. c3 Qe7 16. Bf4 Bxf4 17. Qxf4 g5 18. Qe5 0-0-0 19. b4 Nd5 20. b5 Qc7 21. Qxc7+ Kxc7 22. bxc6 bxc6 23. Bxd5 exd5 24. Rfe1 Rhe8 25. Kf1 Kd6 26. Rab1 f5 27. Rb7 Rxe1+ 28. Kxe1 Rd7 29. Rb8 Kc7 30. Re8 Rd8 31. Rxd8 Kxd8 32. Kd2 Kc7 33. Kd3 Kb6 34. Kc2 a5 35. a4 Kc7 36. Kd3 Kd6 37. Ke3 Ke6 38. f4 Kf6 39. g3 h5 40. h4 g4 41. Kd3 Ke6 1/2-1/2

[Event "Badalona op-B 42nd"]
[Site "Badalona"]
[Date "2016.08.09"]
[Round "8"]
[White "Colome Rovira, Oscar"]
[Black "Al Azmi, Khalaf"]
[Result "1/2-1/2"]
[WhiteElo "1845"]
[BlackElo "1748"]
[PlyCount "70"]
[EventDate "2016.08.02"]
[EventType "swiss"]
[EventRounds "9"]
[EventCountry "ESP"]
[SourceTitle "CBM 174 Extra"]
[Source "ChessBase"]
[SourceDate "2016.10.10"]
[SourceVersion "1"]
[SourceVersionDate "2016.10.10"]
[SourceQuality "1"]

1. d4 Nf6 2. Nf3 g6 3. Bf4 Bg7 4. h3 d6 5. e3 0-0 6. Be2 Re8 7. 0-0 c5 8. c3 Bf5 9. Nbd2 a6 10. a4 Nbd7 11. g4 Be4 12. g5 Bxf3 13. Bxf3 Nh5 14. Bxh5 e5 15. Bg3 gxh5 16. Qxh5 exd4 17. exd4 cxd4 18. cxd4 d5 19. Nf3 Re2 20. Ne5 Rxe5 21. Bxe5 Bxe5 22. dxe5 Nxe5 23. Rfe1 Ng6 24. Ra3 d4 25. Rf3 Qd5 26. Rf6 d3 27. Qf3 Qxg5+ 28. Kh2 Ne5 29. Qg3 Qxg3+ 30. fxg3 Kg7 31. Rff1 f6 32. Rb1 Rc8 33. Kg2 Rc4 34. Rf4 Rc2+ 35. Rf2 Rc4 1/2-1/2

[Event "Mataro-D"]
[Site "Mataro"]
[Date "2004.12.27"]
[Round "2"]
[White "Colome Rovira, Oscar"]
[Black "Maynat Diaz, Jose Antonio"]
[Result "1/2-1/2"]
[WhiteElo "1905"]
[BlackElo "1945"]
[PlyCount "70"]
[EventDate "2004.12.??"]
[EventType "schev"]
[EventRounds "4"]
[EventCountry "ESP"]
[SourceTitle "EXT 2006"]
[Source "ChessBase"]
[SourceDate "2005.11.24"]
[SourceVersion "1"]
[SourceVersionDate "2005.11.24"]
[SourceQuality "1"]

1. e4 c5 2. Nf3 Nc6 3. d4 cxd4 4. Nxd4 e5 5. Nb5 a6 6. Nd6+ Bxd6 7. Qxd6 Qf6 8. Qd1 Qg6 9. Nc3 Nf6 10. Qd6 Ng4 11. Qxg6 hxg6 12. h3 Nb4 13. Bd3 Nxd3+ 14. cxd3 Nf6 15. Bg5 0-0 16. Bxf6 gxf6 17. Nd5 Kg7 18. g4 d6 19. Rc1 Be6 20. Nb6 Ra7 21. a3 a5 22. Rc7 Rb8 23. 0-0 Ra6 24. Nc4 Bxc4 25. dxc4 Rc6 26. Rxc6 bxc6 27. Rd1 Rxb2 28. Rxd6 Ra2 29. Rxc6 Rxa3 30. Kg2 Rc3 31. c5 Kf8 32. Rc7 a4 33. Ra7 a3 34. c6 Ke8 35. Ra8+ Ke7 1/2-1/2